000 00558nam a2200169Ia 4500
008 090711s9999 xx 000 0 und d
082 _b886
100 _aवाळिंबे शरदSांद्र
245 _aन्यायासन
260 _bशांती पब्लिकेशन्स
_c1997
300 _a206
600 _aवाळिंबे शरदSांद्र
630 _aन्यायासन
700 _aवाळिंबे शरदSांद्र
730 _aन्यायासन
942 _cBOOK
999 _c324395
_d324395